Vybrané ukazovatele o zdravotných poisťovniach, Sociálnej poisťovni a Národnom úrade práce za 1. štvrťrok 1997

Enregistré dans:
Détails bibliographiques
Format: Livre
Langue:slovaque
Publié: Bratislava Štatistický úrad Slovenskej republiky 1997
Édition:1. vyd.
Collection:Štatistické čísla a grafy
Tags: Ajouter un tag
Pas de tags, Soyez le premier à ajouter un tag!

MARC

LEADER 00000nam a2200000 4500
001 c020044
005 20260213071623.5
041 0 |a slo 
044 |a SK 
245 1 0 |a Vybrané ukazovatele o zdravotných poisťovniach, Sociálnej poisťovni a Národnom úrade práce za 1. štvrťrok 1997 
250 |a 1. vyd. 
264 1 |a Bratislava  |b Štatistický úrad Slovenskej republiky  |c 1997 
300 |a 19 s. 
490 1 |a Štatistické čísla a grafy 
830 0 |a Štatistické čísla a grafy